Statistics for Most Guessed Country Shapes

Click here to take the quiz!

General Stats

  • This quiz has been taken 223 times
  • The average score is 19 of 20

Answer Stats

Answer% Correct
United States
99%
Australia
97%
Canada
97%
Italy
97%
United Kingdom
97%
Chile
96%
France
96%
India
96%
Japan
96%
China
95%
Indonesia
95%
Norway
94%
Mexico
93%
Russia
93%
Philippines
92%
Iceland
91%
Vietnam
91%
Cuba
90%
New Zealand
90%
Greece
88%

Score Distribution

Percentile by Number Answered

Percent of People with Each Score

Your Score History

You have not taken this quiz